All Official Cities in Philippines with a Map - Statistics

General Stats
  • This quiz has been taken 42 times
  • The average score is 52 of 149
Answers on the Map
Answers color-coded by a green-red scale on the quiz's map according to % correct below.
 
Answer Stats
Region City % Correct
National Capital Manila
95%
National Capital Quezon City
91%
Central Luzon Angeles City
86%
Central Visayas Cebu City
82%
Davao Davao City
82%
Central Luzon | Ilocos San Fernando
68%
Zamboanga Peninsula Zamboanga City
68%
Cordillera Administrative Baguio
64%
National Capital Caloocan
59%
Northern Mindanao Cagayan de Oro
55%
National Capital Makati
55%
National Capital Marikina
55%
National Capital Pasay
55%
National Capital Pasig
55%
National Capital San Juan
55%
Negros Island Bacolod
50%
Soccsksargen General Santos
50%
Western Visayas Iloilo City
50%
National Capital Taguig
50%
Cagayan Valley Tuguegarao
50%
National Capital Valenzuela
50%
Ilocos Dagupan
45%
Calabarzon Dasmariñas
45%
Central Visayas Lapu-Lapu City
45%
National Capital Las Piñas
45%
National Capital Mandaluyong
45%
Bicol Masbate City
45%
National Capital Muntinlupa
45%
Bicol | Central Visayas Naga
45%
National Capital Navotas
45%
National Capital Parañaque
45%
Southwestern Tagalog Puerto Princesa
45%
Western Visayas Roxas
45%
Cagayan Valley Santiago
45%
Calabarzon Antipolo
41%
Calabarzon Batangas City
41%
Caraga Butuan
41%
Central Luzon Cabanatuan
41%
Calabarzon Imus
41%
Ilocos Laoag
41%
Bicol Legazpi
41%
Central Luzon Mabalacat
41%
National Capital Malabon
41%
Central Visayas Mandaue
41%
Central Luzon San Jose
41%
Central Luzon San Jose del Monte
41%
Eastern Visayas Tacloban
41%
Central Luzon Tarlac City
41%
Ilocos Vigan
41%
Calabarzon Calamba
36%
Negros Island Dumaguete
36%
Northern Mindanao Iligan
36%
Calabarzon Lucena
36%
Central Luzon Olongapo
36%
Calabarzon Santo Tomas
36%
Bicol Sorsogon City
36%
Caraga Surigao City
36%
Cordillera Administrative Tabuk
36%
Central Visayas Tagbilaran
36%
Calabarzon Biñan
32%
Central Visayas Carcar
32%
Eastern Visayas Catbalogan
32%
Calabarzon Cavite City
32%
Bangsamoro Cotabato City
32%
Davao Digos
32%
Zamboanga Peninsula Dipolog
32%
Central Luzon Gapan
32%
Calabarzon General Trias
32%
Cagayan Valley Ilagan
32%
Bicol Iriga
32%
Negros Island Kabankalan
32%
Calabarzon Lipa
32%
Central Luzon Malolos
32%
Bangsamoro Marawi
32%
Central Luzon Meycauayan
32%
Eastern Visayas Ormoc
32%
Central Luzon Palayan
32%
Ilocos | Negros Island San Carlos
32%
Calabarzon San Pablo
32%
Calabarzon San Pedro
32%
Calabarzon Santa Rosa
32%
Calabarzon Tagaytay
32%
Davao Tagum
32%
Central Visayas | Negros Island Talisay
32%
Calabarzon Tanauan
32%
Calabarzon Tayabas
32%
Calabarzon Trece Martires
32%
Ilocos Urdaneta
32%
Ilocos Alaminos
27%
Calabarzon Bacoor
27%
Central Luzon Balanga
27%
Central Luzon Baliwag
27%
Ilocos Batac
27%
Central Visayas Bogo
27%
Eastern Visayas Borongan
27%
Calabarzon Cabuyao
27%
Southwestern Tagalog Calapan
27%
Eastern Visayas Calbayog
27%
Calabarzon Carmona
27%
Cagayan Valley Cauayan
27%
Zamboanga Peninsula Isabela
27%
Soccsksargen Koronadal
27%
Northern Mindanao Malaybalay
27%
Davao Mati
27%
Central Luzon Muñoz
27%
Zamboanga Peninsula Pagadian
27%
Central Visayas Toledo
27%
Caraga Cabadbaran
23%
Ilocos Candon
23%
Zamboanga Peninsula Dapitan
23%
Northern Mindanao Ozamiz
23%
Western Visayas Passi
23%
Bicol Tabaco
23%
Negros Island Bago
18%
Negros Island Bayawan
18%
Negros Island Cadiz
18%
Calabarzon Calaca
18%
Central Visayas Danao
18%
Northern Mindanao El Salvador
18%
Northern Mindanao Gingoog
18%
Negros Island Himamaylan
18%
Bicol Ligao
18%
Eastern Visayas Maasin
18%
Northern Mindanao Oroquieta
18%
Davao Panabo
18%
Davao Samal
18%
Negros Island Silay
18%
Soccsksargen Tacurong
18%
Caraga Tandag
18%
Negros Island Tanjay
18%
Northern Mindanao Valencia
18%
Negros Island Bais
14%
Eastern Visayas Baybay
14%
Caraga Bayugan
14%
Caraga Bislig
14%
Negros Island Canlaon
14%
Negros Island Escalante
14%
Negros Island Guihulngan
14%
Soccsksargen Kidapawan
14%
Negros Island La Carlota
14%
Bangsamoro Lamitan
14%
Negros Island Sagay
14%
Negros Island Sipalay
14%
Northern Mindanao Tangub
14%
Negros Island Victorias
14%
No matching quizzes found
Score Distribution
Percent of People with Each Score
Percentile by Number Answered
Your Score History
You have not taken this quiz